[Event "POLFINAL MISTRZOSTW POLSKI JUNIOROW 2016 - D15"]
[Site "Centrum Kongresow i Rekreacji Orle Gniazdo ul. Wrzosowa 28a, Szczyrk"]
[Date "1899-12-30"]
[Round "5.3"]
[White "Kubiak, Aleksandra"]
[Black "Gredka, Dominika"]
[Result "1-0"]
[WhiteTitle "II"]
[BlackTitle "I++"]
[WhiteElo "1167"]
[BlackElo "1629"]

1. f4 c5 2. Nf3 e6 3. e3 a6 4. c3 Nc6 5. d4 Nf6 6. Bd3 cxd4 7. exd4 d6 8. O-O Be7
9. Nbd2 O-O 10. Qe1 Qc7 11. Qg3 b5 12. Ne4 Kh8 13. Nxf6 Bxf6 14. Qh3 g6 15. Qh6
Bg7 16. Qh4 f5 17. Ng5 h6 18. Nf3 b4 19. Bd2 bxc3 20. Bxc3 Kg8 21. Qg3 Qf7 22.
Bc4 Kh7 23. Rfe1 d5 24. Bb3 a5 25. a4 Rb8 26. Bc2 Nb4 27. Qf2 Qc7 28. g3 Bd7 29.
Qe2 Nxc2 30. Qxc2 Rb4 31. Qd1 Rc4 32. Kh1 Qb6 33. Nd2 Rcc8 34. Nb3 Ra8 35. Nc5
Bc8 36. Re3 Re8 37. Qe2 Bf8 38. Qb5 Qxb5 39. axb5 Bxc5 40. dxc5 a4 41. b3 a3 42.
Bb4 Rb8 43. b6 Bb7 44. Kg1 d4 45. Rd3 Rbd8 46. Bxa3 Be4 47. Rd2 d3 48. Bb2 Rd7
49. b4 Bc6 50. Ra5 Ra8 51. Be5 Rd5 52. Ra7+ Kg8 53. Rc7 Bb5 54. b7 1-0

[Event "POLFINAL MISTRZOSTW POLSKI JUNIOROW 2016 - D15"]
[Site "Centrum Kongresow i Rekreacji Orle Gniazdo ul. Wrzosowa 28a, Szczyrk"]
[Date "1899-12-30"]
[Round "5.4"]
[White "Bilczewska, Olga"]
[Black "Krzysztynska, Anna"]
[Result "0-1"]
[WhiteTitle "I"]
[BlackTitle "I"]
[WhiteElo "1625"]
[BlackElo "1541"]

1. e4 e5 2. Nf3 Nc6 3. Bc4 Bc5 4. c3 Nf6 5. d3 O-O 6. Bg5 d6 7. Bb3 Be6 8. Bc2
Re8 9. O-O Bb6 10. h3 h6 11. Bh4 Kh8 12. d4 Bd7 13. d5 Ne7 14. Bxf6 gxf6 15. Nh4
Rg8 16. Qh5 Qf8 17. Kh1 Bb5 18. Rd1 Bxf2 19. Na3 Bd7 20. Rf1 Rg5 21. Qf3 Bxh4
22. Qxf6+ Kg8 23. Nc4 Nf5 24. g4 Ng3+ 25. Kg2 Nxf1 26. Rxf1 Rxg4+ 0-1

[Event "POLFINAL MISTRZOSTW POLSKI JUNIOROW 2016 - D15"]
[Site "Centrum Kongresow i Rekreacji Orle Gniazdo ul. Wrzosowa 28a, Szczyrk"]
[Date "1899-12-30"]
[Round "5.5"]
[White "Choinska, Debora"]
[Black "Trembowiecka-wysota, Aleksandra"]
[Result "1/2-1/2"]
[WhiteTitle "I"]
[BlackTitle "I"]
[WhiteElo "1274"]
[BlackElo "1491"]

1. e4 c5 2. Nf3 d6 3. d4 cxd4 4. Nxd4 Nf6 5. Nc3 a6 6. Be2 e5 7. Nb3 Be7 8. Be3
Be6 9. O-O O-O 10. f4 exf4 11. Bxf4 Nc6 12. Kh1 Ne5 13. Qd2 b5 14. a3 Nc4 15.
Bxc4 Bxc4 16. Rfe1 Nh5 17. Be3 Bf6 18. Rad1 Be5 19. Nd4 Qc7 20. Nf3 Rad8 21. Nxe5
dxe5 22. Qf2 Rxd1 23. Rxd1 Nf6 24. Bg5 Nd7 25. Qd2 Be6 26. Be7 Re8 27. Qd6 Qxd6
28. Bxd6 f6 29. a4 bxa4 30. Nxa4 Rc8 31. Nc3 Nb6 32. Ba3 Nc4 33. Rd3 Rb8 34. Na4
Nxa3 35. Rxa3 Rb4 36. Kg1 Bg4 37. c3 Rxe4 38. Nc5 Rf4 39. Rxa6 Be2 40. Ra1 e4
41. Re1 Bd3 42. Nxd3 exd3 43. Rd1 Re4 44. Rxd3 Re2 45. b3 Rb2 46. c4 Rc2 47. Kf1
Kf7 48. Re3 f5 49. Re2 Rc3 50. Rb2 Ke6 1/2-1/2

[Event "POLFINAL MISTRZOSTW POLSKI JUNIOROW 2016 - D15"]
[Site "Centrum Kongresow i Rekreacji Orle Gniazdo ul. Wrzosowa 28a, Szczyrk"]
[Date "1899-12-30"]
[Round "5.6"]
[White "Mytych, Wiktoria"]
[Black "Karlyk, Maria"]
[Result "1/2-1/2"]
[WhiteTitle "I"]
[BlackTitle "I"]
[WhiteElo "1277"]
[BlackElo "1517"]

1. e4 c5 2. c3 e6 3. d4 cxd4 4. cxd4 d5 5. e5 Ne7 6. Nf3 Nbc6 7. Bb5 a6 8. Bxc6+
Nxc6 9. O-O Be7 10. Be3 O-O 11. a3 f6 12. Bf4 fxe5 13. Bxe5 Bf6 14. Re1 Bxe5 15.
dxe5 Qb6 16. Re2 Bd7 17. Nc3 Rae8 18. Na4 Qc7 19. Rc1 b6 20. Nc3 Qd8 21. Nxd5
Rxf3 22. gxf3 Qg5+ 23. Kh1 Nd4 24. f4 Qh5 25. Re3 Qxd1+ 26. Rxd1 Nf5 27. Rc3 exd5
28. Rxd5 Be6 29. Rd2 Ne7 30. Rcd3 Ng6 31. Rd8 Kf7 32. Rxe8 Kxe8 33. Rd4 Bh3 34.
Kg1 Ne7 35. f3 Bd7 36. Rd6 Nc8 37. Rd2 Ke7 38. Kf2 Bc6 39. Ke3 g6 40. h4 a5 41.
Rg2 Ke6 42. Rh2 Ne7 43. h5 Nd5+ 44. Kf2 Nxf4 45. hxg6 hxg6 46. Kg3 Kxe5 47. Rh6
1/2-1/2

[Event "POLFINAL MISTRZOSTW POLSKI JUNIOROW 2016 - D15"]
[Site "Centrum Kongresow i Rekreacji Orle Gniazdo ul. Wrzosowa 28a, Szczyrk"]
[Date "1899-12-30"]
[Round "5.7"]
[White "Mykhaylyak, Wiktoria"]
[Black "Michalska, Aleksandra"]
[Result "0-1"]
[WhiteTitle "I"]
[BlackTitle "I"]
[WhiteElo "1197"]
[BlackElo "1568"]

1. d4 d5 2. c4 dxc4 3. e4 e5 4. d5 Bb4+ 5. Bd2 Bxd2+ 6. Nxd2 Nf6 7. Bxc4 O-O 8.
Ngf3 Qd6 9. O-O Nbd7 10. Qc2 Nb6 11. Bb3 Bg4 12. Rfe1 Nh5 13. Qc3 Rfe8 14. a4
Rac8 15. a5 Nd7 16. Nc4 Qf6 17. Re3 Nf4 18. Rae1 h5 19. Qb4 Qg6 20. Nh4 Qf6 21.
Nf3 Rb8 22. Na3 a6 23. Qc4 Rec8 24. Bc2 Nf8 25. b4 N8g6 26. b5 Nxg2 27. Qc3 Nxe1
28. Nxe1 Nf4 29. f3 Bh3 30. Qd2 Rd8 31. Bd3 Rd6 32. bxa6 bxa6 33. Nc4 Qg5+ 34.
Kh1 Rg6 35. Qf2 h4 36. d6 cxd6 37. Nb6 Rb7 38. Bc2 Be6 39. Ba4 Nh3 40. Qf1 Qg1+
41. Qxg1 Rxg1# 0-1

[Event "POLFINAL MISTRZOSTW POLSKI JUNIOROW 2016 - D15"]
[Site "Centrum Kongresow i Rekreacji Orle Gniazdo ul. Wrzosowa 28a, Szczyrk"]
[Date "1899-12-30"]
[Round "5.8"]
[White "Palka, Aleksandra"]
[Black "Robakowska, Paulina"]
[Result "0-1"]
[WhiteTitle "II"]
[BlackTitle "I"]
[WhiteElo "1108"]
[BlackElo "1379"]

1. e4 e6 2. d4 d5 3. e5 c5 4. c3 Nc6 5. Nf3 Bd7 6. Bd3 cxd4 7. cxd4 Qb6 8. Bc2
Nb4 9. O-O Nxc2 10. Qxc2 Rc8 11. Nc3 Ne7 12. Be3 Nf5 13. a3 Be7 14. Rad1 Qa5 15.
Qd2 O-O 16. Ne2 Qa6 17. Ng3 Nxg3 18. hxg3 Bd8 19. Rc1 Be7 20. Rfe1 Bb5 21. Rc3
Rxc3 22. Qxc3 Qc6 23. Qxc6 Bxc6 24. Rc1 Rc8 25. Kf1 Bb5+ 26. Ke1 Rxc1+ 27. Bxc1
Kf8 28. Kd2 Bf1 29. Ne1 Ke8 30. b4 Bd8 31. f4 a5 32. Kc3 Kd7 33. Bd2 Bb6 34. Be3
Kc6 35. a4 axb4+ 36. Kxb4 Bd8 37. Bd2 Be7+ 38. Kb3 Kb6 39. Bc3 Bc4+ 40. Kc2 Bf1
41. Kb3 Ka6 42. Kc2 Ba3 43. Kd2 Be7 44. Kc2 Bf8 45. Kb3 Be7 46. Kb2 Ka7 47. Kb3
Kb6 48. Kb2 Ka6 49. Kb3 Be2 50. Kc2 Bf1 51. Kb3 Bd8 52. Kb2 Ba5 53. Bxa5 Kxa5
54. Kb3 Be2 55. Kc3 Kxa4 56. Nc2 Bf1 57. Ne1 b5 58. Nc2 Bxg2 59. Nb4 Be4 60. Nc6
f6 61. exf6 gxf6 62. g4 Bf3 63. g5 fxg5 64. fxg5 Be4 65. Nb4 Bg6 66. Nc6 Be8 67.
Nb4 Ka5 68. Nd3 Bg6 69. Nb4 Kb6 70. Na2 Be4 71. Nc1 Kc6 72. Kb4 Bg6 73. Nb3 Be8
74. Nc5 Kd6 75. Nd3 Ke7 76. Ne5 Kf8 77. Kc5 Ke7 78. Kb4 Kd6 79. Kc3 Ke7 80. Kb4
Kf8 81. Kc5 Kg7 82. Kb4 h6 83. gxh6+ Kxh6 84. Kc5 Kg7 85. Nd3 Kf6 86. Kd6 Kf7
87. Nb4 Kf6 88. Nd3 Kf7 89. Nb4 Kf6 90. Nd3 Kf7 91. Nb4 Kf6 92. Nd3 Bg6 93. Nb4
Kf5 94. Nc6 Be8 95. Nb4 Ke4 96. Kc5 Kf5 97. Kd6 Ke4 98. Kc5 Ke3 99. Nc2+ Kd3 100.
Nb4+ Ke4 101. Nc2 e5 102. dxe5 Kxe5 103. Nd4 Ke4 104. Nb3 Bd7 105. Nd4 Ke5 106.
Nb3 Ke4 107. Nd4 b4 108. Nb3 Ba4 109. Kxb4 Bxb3 110. Kxb3 Kd3 111. Kb2 Kd2 112.
Kb3 d4 113. Kb2 d3 114. Kb1 Ke1 115. Kc1 d2+ 116. Kc2 d1=Q+ 0-1

[Event "POLFINAL MISTRZOSTW POLSKI JUNIOROW 2016 - D15"]
[Site "Centrum Kongresow i Rekreacji Orle Gniazdo ul. Wrzosowa 28a, Szczyrk"]
[Date "1899-12-30"]
[Round "5.9"]
[White "Nalezna, Gabriela"]
[Black "Surpeta, Julia"]
[Result "1-0"]
[WhiteTitle "II+"]
[BlackTitle "I"]
[WhiteElo "1233"]
[BlackElo "1301"]

1. e4 e5 2. Nf3 d5 3. exd5 Bd6 4. d3 Nf6 5. Nc3 O-O 6. Be2 c6 7. dxc6 Nxc6 8. O-O
h6 9. Be3 Bg4 10. h3 Be6 11. Qc1 Kh7 12. Rd1 Qe7 13. a3 Rad8 14. d4 e4 15. Nd2
Bf5 16. d5 Ne5 17. Bxa7 Ng6 18. Be3 Nf4 19. Nc4 Nxe2+ 20. Nxe2 Bb8 21. b4 Qc7
22. Bc5 Qh2+ 23. Kf1 Qh1+ 24. Ng1 Bh2 25. Ke2 Qxg2 26. Ne3 Qg6 27. Nxf5 Qxf5 28.
Bxf8 Rxf8 29. c4 Qh5+ 30. Ke1 Bxg1 31. Qc3 Bh2 32. d6 Rd8 33. c5 Qf5 34. Rab1
Bf4 35. Qb3 e3 36. Qd3 Ne4 37. f3 Bg3+ 38. Ke2 Re8 39. d7 Qxh3 40. Kxe3 Qg2 41.
Rf1 Bf2+ 42. Ke2 Bd4+ 43. Kd1 f5 44. dxe8=Q Nc3+ 45. Qxc3 Bxc3 46. Qe2 Qg5 47.
Kc2 Qf6 48. Rbe1 h5 49. Rh1 f4 50. Qe4+ Kh6 51. Reg1 Qe5 52. Qg6# 1-0

[Event "POLFINAL MISTRZOSTW POLSKI JUNIOROW 2016 - D15"]
[Site "Centrum Kongresow i Rekreacji Orle Gniazdo ul. Wrzosowa 28a, Szczyrk"]
[Date "1899-12-30"]
[Round "5.10"]
[White "Wasala, Wiktoria"]
[Black "Jedras, Adrianna"]
[Result "1/2-1/2"]
[WhiteTitle "I"]
[BlackTitle "I"]
[WhiteElo "1370"]
[BlackElo "1244"]

1. e4 e5 2. Nc3 Nf6 3. g3 d5 4. exd5 Nxd5 5. Bg2 Nxc3 6. bxc3 Be7 7. Ne2 Nd7 8.
O-O O-O 9. d4 Rb8 10. Be3 b6 11. Qd2 Ba6 12. Rad1 Re8 13. Rfe1 Bd6 14. Bc6 Kh8
15. dxe5 Nxe5 16. Bd5 Bc4 17. f4 Ng4 18. Bf2 Nxf2 19. Kxf2 Bxd5 20. Qxd5 Bc5+
21. Kf1 Qc8 22. f5 Rd8 23. Qf3 Rxd1 24. Rxd1 Qe8 25. Qd3 Be7 26. Qc4 Rd8 27. Re1
Bc5 28. Nd4 Qd7 29. Qd3 h6 30. Re4 Ba3 31. f6 g6 32. Qe3 Qh3+ 33. Kg1 Bf8 34.
Re8 Rxe8 35. Qxe8 Kg8 36. Nc6 Qe6 37. Ne7+ Kh7 38. Qxf8 Qe3+ 39. Kf1 Qf3+ 40.
Ke1 Qh1+ 41. Kd2 Qg2+ 42. Kc1 Qf1+ 43. Kb2 Qb5+ 44. Kc1 Qf1+ 45. Kd2 Qf2+ 46.
Kd3 Qf3+ 47. Kc4 Qe2+ 48. Kd5 Qe6+ 49. Kd4 1/2-1/2

[Event "POLFINAL MISTRZOSTW POLSKI JUNIOROW 2016 - D15"]
[Site "Centrum Kongresow i Rekreacji Orle Gniazdo ul. Wrzosowa 28a, Szczyrk"]
[Date "1899-12-30"]
[Round "5.11"]
[White "Lewicka, Natalia"]
[Black "Majdecka, Nikola"]
[Result "1-0"]
[WhiteTitle "II"]
[BlackTitle "III"]
[WhiteElo "1240"]
[BlackElo "1060"]

1. e4 e5 2. Nf3 Nc6 3. Bb5 a6 4. Bxc6 dxc6 5. O-O Bd6 6. d3 Nf6 7. Bg5 h6 8. Bh4
Be6 9. Re1 Qd7 10. d4 g5 11. Bg3 exd4 12. e5 Nh5 13. exd6 Nxg3 14. Qxd4 O-O-O
15. Ne5 Nf5 16. Qa7 Qxd6 17. Qa8# 1-0

[Event "POLFINAL MISTRZOSTW POLSKI JUNIOROW 2016 - D15"]
[Site "Centrum Kongresow i Rekreacji Orle Gniazdo ul. Wrzosowa 28a, Szczyrk"]
[Date "1899-12-30"]
[Round "6.1"]
[White "Lascar, Maria Elena"]
[Black "Koruch, Maria"]
[Result "1/2-1/2"]
[WhiteTitle "I+"]
[BlackTitle "I"]
[WhiteElo "1473"]
[BlackElo "1497"]

1. e4 c5 2. Nf3 Nc6 3. d4 cxd4 4. Nxd4 Nf6 5. Nc3 e5 6. Ndb5 d6 7. Bg5 a6 8. Na3
b5 9. Nd5 Be7 10. Bxf6 Bxf6 11. c4 b4 12. Nc2 O-O 13. Ncxb4 Nxb4 14. Nxb4 Qb6
15. Qd2 Rb8 16. Nd3 Qd4 17. f3 Be6 18. Qf2 Qxf2+ 19. Kxf2 Bxc4 20. b3 Bb5 21.
Nb2 Rfd8 22. Rd1 Rd7 23. Bc4 Bd8 24. Bd5 Bb6+ 25. Kg3 Rc8 26. Rc1 Rdc7 27. Rxc7
Rxc7 28. Nc4 Bxc4 29. bxc4 g6 30. Rb1 Bc5 31. f4 Kg7 32. fxe5 dxe5 33. Kf3 Bd4
34. Rb7 Rxb7 35. Bxb7 a5 36. Bc8 Kf6 37. h3 Ke7 38. a4 Kd6 39. Ke2 Kc5 40. Kd3
Kd6 1/2-1/2

[Event "POLFINAL MISTRZOSTW POLSKI JUNIOROW 2016 - D15"]
[Site "Centrum Kongresow i Rekreacji Orle Gniazdo ul. Wrzosowa 28a, Szczyrk"]
[Date "1899-12-30"]
[Round "6.2"]
[White "Ossolinska, Matylda"]
[Black "Kubiak, Aleksandra"]
[Result "1/2-1/2"]
[WhiteTitle "I"]
[BlackTitle "II"]
[WhiteElo "1565"]
[BlackElo "1167"]

1. e4 a6 2. d4 b5 3. Nf3 Bb7 4. Bd3 Nf6 5. Nbd2 e6 6. O-O c5 7. dxc5 Bxc5 8. e5
Nd5 9. Ne4 Be7 10. a4 b4 11. c4 bxc3 12. bxc3 Qc7 13. Rb1 Bc6 14. Qb3 O-O 15.
Re1 a5 16. Ba3 Bxa3 17. Qxa3 Nf4 18. Bb5 Bxe4 19. Rxe4 Nd5 20. c4 Nb4 21. Rd1
N8c6 22. Qe3 Rfd8 23. Rg4 Ne7 24. Qg5 Nf5 25. Nd4 h6 26. Qf4 Nxd4 27. Rxd4 Kf8
28. Rg3 Nc6 29. Rd6 Ne7 30. Rgd3 Ng6 31. Qe4 Rab8 32. Rf3 Kg8 33. Rfd3 Kf8 34.
h3 Qc5 35. Re3 Qc7 36. Red3 Qc5 37. Re3 Qc7 38. Red3 Qc5 39. Re3 Qc7 40. Red3
Qc5 41. Re3 Qc7 42. Red3 Qc5 1/2-1/2

[Event "POLFINAL MISTRZOSTW POLSKI JUNIOROW 2016 - D15"]
[Site "Centrum Kongresow i Rekreacji Orle Gniazdo ul. Wrzosowa 28a, Szczyrk"]
[Date "1899-12-30"]
[Round "6.3"]
[White "Krzysztynska, Anna"]
[Black "Michalska, Aleksandra"]
[Result "1/2-1/2"]
[WhiteTitle "I"]
[BlackTitle "I"]
[WhiteElo "1541"]
[BlackElo "1568"]

1. e4 e5 2. Nf3 Nc6 3. Bb5 g6 4. d4 exd4 5. Bg5 Be7 6. Bxe7 Ngxe7 7. Nxd4 d6 8.
Nc3 Bd7 9. Qd2 Ne5 10. f4 Bxb5 11. Ndxb5 N5c6 12. O-O-O a6 13. Nd4 Qd7 14. Rhe1
O-O-O 15. Nb3 Rhe8 16. Qf2 Kb8 17. h3 h5 18. Nc5 Qc8 19. Nb3 Qd7 20. Nc5 Qc8 21.
Nb3 Qd7 22. Nc5 1/2-1/2

[Event "POLFINAL MISTRZOSTW POLSKI JUNIOROW 2016 - D15"]
[Site "Centrum Kongresow i Rekreacji Orle Gniazdo ul. Wrzosowa 28a, Szczyrk"]
[Date "1899-12-30"]
[Round "6.4"]
[White "Hryn, Zofia"]
[Black "Trembowiecka-wysota, Aleksandra"]
[Result "0-1"]
[WhiteTitle "I"]
[BlackTitle "I"]
[WhiteElo "1549"]
[BlackElo "1491"]

1. d4 Nf6 2. Bg5 d5 3. Nf3 Ne4 4. Bf4 c5 5. c3 Nc6 6. Nbd2 Bf5 7. dxc5 Nxc5 8.
Nb3 e6 9. e3 Ne4 10. Nbd4 Bg6 11. Bb5 Rc8 12. Ne5 Qb6 13. Qa4 Nc5 14. Qd1 a6 15.
Nxg6 hxg6 16. Bxc6+ bxc6 17. Qc2 Qxb2 18. Qxb2 Nd3+ 19. Kd2 Nxb2 20. Rab1 Nc4+
21. Ke2 e5 22. Bg3 exd4 23. cxd4 Bd6 0-1

[Event "POLFINAL MISTRZOSTW POLSKI JUNIOROW 2016 - D15"]
[Site "Centrum Kongresow i Rekreacji Orle Gniazdo ul. Wrzosowa 28a, Szczyrk"]
[Date "1899-12-30"]
[Round "6.5"]
[White "Karlyk, Maria"]
[Black "Choinska, Debora"]
[Result "1/2-1/2"]
[WhiteTitle "I"]
[BlackTitle "I"]
[WhiteElo "1517"]
[BlackElo "1274"]

1. e4 d6 2. Nc3 Nf6 3. Nf3 Nbd7 4. d4 e5 5. dxe5 dxe5 6. Bd3 Be7 7. O-O O-O 8.
Qe2 c6 9. h3 Qc7 10. a3 Nc5 11. b4 Ne6 12. Nd1 a6 13. c3 c5 14. Nh4 g6 15. Bh6
Rd8 16. g4 b5 17. Rc1 c4 18. Bb1 Bb7 19. Ng2 Bf8 20. Bxf8 Kxf8 21. f3 Qd6 22.
Nde3 h5 23. Rcd1 Qe7 24. h4 hxg4 25. Nxg4 Nxg4 26. fxg4 Rxd1 27. Qxd1 Rd8 28.
Qc1 Kg7 29. g5 Qd6 30. Qe3 Rd7 31. Qf3 Qe7 32. Rd1 Rxd1+ 33. Qxd1 Qd8 34. Qxd8
Nxd8 35. Kf2 f6 36. gxf6+ Kxf6 37. Ne3 Nf7 38. Ng4+ Ke6 39. Ke3 Ke7 40. Bc2 Bc8
41. Bd1 Ke6 42. Nh2 Ke7 43. Ng4 Ke6 44. Nh2 Kd6 1/2-1/2

[Event "POLFINAL MISTRZOSTW POLSKI JUNIOROW 2016 - D15"]
[Site "Centrum Kongresow i Rekreacji Orle Gniazdo ul. Wrzosowa 28a, Szczyrk"]
[Date "1899-12-30"]
[Round "6.6"]
[White "Gredka, Dominika"]
[Black "Mytych, Wiktoria"]
[Result "1-0"]
[WhiteTitle "I++"]
[BlackTitle "I"]
[WhiteElo "1629"]
[BlackElo "1277"]

1. e4 c6 2. d4 d5 3. Nc3 dxe4 4. Nxe4 Bf5 5. Ng3 Bg6 6. Bc4 e6 7. N1e2 Bd6 8. Nf4
Bxf4 9. Bxf4 Nf6 10. O-O O-O 11. Bb3 Nd5 12. Bd2 h6 13. c4 Nf6 14. Bc3 Nbd7 15.
Qf3 Rb8 16. Rad1 Qc7 17. Rc1 Qd8 18. Rfd1 Qe7 19. Re1 Qd8 20. Bb4 c5 21. dxc5
Re8 22. Rcd1 Qc7 23. Qe3 a6 24. Qd4 Rec8 25. Qd6 Nxc5 26. Bxc5 Qxc5 27. Qf4 Qc7
28. Qe3 Qc5 29. Rd8+ Kh7 30. Qxc5 Rxc5 31. Rxb8 Rc7 32. Rd8 Nd7 33. Rd1 Nb6 34.
Rc1 a5 35. Rdd1 a4 36. Bc2 Bxc2 37. Rxc2 Rxc4 38. Rxc4 Nxc4 39. b3 axb3 40. axb3
1-0

[Event "POLFINAL MISTRZOSTW POLSKI JUNIOROW 2016 - D15"]
[Site "Centrum Kongresow i Rekreacji Orle Gniazdo ul. Wrzosowa 28a, Szczyrk"]
[Date "1899-12-30"]
[Round "6.7"]
[White "Robakowska, Paulina"]
[Black "Bilczewska, Olga"]
[Result "1/2-1/2"]
[WhiteTitle "I"]
[BlackTitle "I"]
[WhiteElo "1379"]
[BlackElo "1625"]

1. c4 Nf6 2. Nc3 e6 3. g3 d5 4. cxd5 exd5 5. d4 Be7 6. Bg2 O-O 7. Nf3 b6 8. O-O
Bb7 9. Bg5 Nbd7 10. Rc1 h6 11. Bxf6 Nxf6 12. Ne5 c5 13. e3 cxd4 14. exd4 Ne4 15.
Qd3 Nxc3 16. Rxc3 Rc8 17. Rfc1 Qd6 18. Qb5 Rxc3 19. Rxc3 Bf6 20. f4 Rd8 21. Qb3
g5 22. Qc2 Qb4 23. Qd2 Kg7 24. Rd3 Qe7 25. Re3 Qd6 26. Rc3 Qb4 27. Rd3 Qd6 28.
Rc3 Be7 29. Rc2 f6 30. Nf3 Qd7 31. a3 Bd6 32. fxg5 hxg5 33. Nxg5 fxg5 34. Qxg5+
Kh8 35. Bxd5 Bxd5 36. Qxd5 Qg4 37. Kg2 Be7 38. Qe5+ Qg7 39. Qxg7+ Kxg7 40. Rd2
Rd5 41. Kf3 Kf6 42. Ke4 Ke6 43. g4 Bg5 44. Rd1 Rb5 45. b4 1/2-1/2

[Event "POLFINAL MISTRZOSTW POLSKI JUNIOROW 2016 - D15"]
[Site "Centrum Kongresow i Rekreacji Orle Gniazdo ul. Wrzosowa 28a, Szczyrk"]
[Date "1899-12-30"]
[Round "6.8"]
[White "Mykhaylyak, Wiktoria"]
[Black "Nalezna, Gabriela"]
[Result "0-1"]
[WhiteTitle "I"]
[BlackTitle "II+"]
[WhiteElo "1197"]
[BlackElo "1233"]

1. d4 Nf6 2. c4 e6 3. Nc3 Bb4 4. a3 Bxc3+ 5. bxc3 d5 6. Bg5 h6 7. Bf4 b6 8. Nf3
Bb7 9. e3 Nc6 10. Bd3 O-O 11. O-O Re8 12. Ne5 Nxe5 13. dxe5 Nd7 14. Qg4 Kf8 15.
Bg3 Qg5 16. Qe2 Nc5 17. f4 Qe7 18. f5 Nxd3 19. f6 Qd7 20. Qxd3 g6 21. Bf4 h5 22.
Bh6+ Kg8 23. Bg7 Qc6 24. Qd2 dxc4 25. Qf2 Qe4 26. Qg3 g5 27. Qxg5 Qh7 28. Rf4
Qg6 29. Qxg6 fxg6 30. f7+ Kxg7 31. fxe8=Q Rxe8 32. Raf1 Re7 33. Rd1 b5 34. Rfd4
Bc6 35. Rd8 Bd5 36. Rf1 a6 37. Rff8 Kh6 38. h4 Kg7 39. Rg8+ Kh7 40. Rh8+ Kg7 41.
Rdg8+ Kf7 42. Rh7+ Kxg8 43. Rxe7 c6 44. Ra7 a5 45. Rxa5 Kf7 46. Kh2 g5 47. Kg3
Kg6 48. Ra8 gxh4+ 49. Kxh4 Kf5 50. Rg8 Kxe5 51. Kxh5 Ke4 52. Rg3 c5 53. Rh3 b4
54. axb4 cxb4 55. cxb4 c3 56. g4 e5 57. Kg5 c2 58. Rh1 Kxe3 59. Ra1 e4 60. b5
Kd2 61. Ra4 Kc3 62. Ra1 e3 63. Kf4 Kd2 64. Ra4 c1=Q 65. Rd4+ Kc3 66. Rxd5 e2+
67. Kf5 Qf1+ 68. Kg5 0-1

[Event "POLFINAL MISTRZOSTW POLSKI JUNIOROW 2016 - D15"]
[Site "Centrum Kongresow i Rekreacji Orle Gniazdo ul. Wrzosowa 28a, Szczyrk"]
[Date "1899-12-30"]
[Round "6.9"]
[White "Jedras, Adrianna"]
[Black "Palka, Aleksandra"]
[Result "0-1"]
[WhiteTitle "I"]
[BlackTitle "II"]
[WhiteElo "1244"]
[BlackElo "1108"]

1. e4 c6 2. d4 d5 3. Nc3 e6 4. e5 c5 5. dxc5 Bxc5 6. Bb5+ Bd7 7. Bxd7+ Nxd7 8.
Nf3 Ne7 9. O-O Ng6 10. Bg5 Qc7 11. Qe2 Ngxe5 12. Bf4 Nxf3+ 13. Qxf3 Qd8 14. Qg4
O-O 15. Bh6 Qf6 16. Be3 Bxe3 17. fxe3 Qg6 18. Qe2 a6 19. Rf3 f5 20. Rg3 Qf6 21.
Rf1 g6 22. e4 dxe4 23. Nxe4 Qd4+ 24. Nf2 Qxb2 25. Qxe6+ Rf7 26. Kh1 Qxc2 27. Ng4
Kf8 28. Nh6 Rg7 29. Qd6+ Re7 30. Re3 Qc5 31. Nxf5 gxf5 32. Rxf5+ Qxf5 33. Rf3
Kg8 34. Qg3+ Qg6 35. Qf2 Rf7 36. Rxf7 Qxf7 37. Qg3+ Qg6 38. Qb3+ Kg7 39. Qxb7
Rd8 40. Qb2+ Qf6 41. Qc1 Rf8 42. h3 Qf1+ 43. Qxf1 Rxf1+ 44. Kh2 Rf2 45. a4 Ra2
46. a5 Rxa5 47. g4 Rb5 48. Kg3 a5 49. Kh4 a4 50. g5 a3 51. Kh5 a2 52. h4 Rxg5+
53. Kxg5 a1=Q 54. Kh5 Qa5+ 55. Kg4 Kg6 0-1

[Event "POLFINAL MISTRZOSTW POLSKI JUNIOROW 2016 - D15"]
[Site "Centrum Kongresow i Rekreacji Orle Gniazdo ul. Wrzosowa 28a, Szczyrk"]
[Date "1899-12-30"]
[Round "6.10"]
[White "Surpeta, Julia"]
[Black "Lewicka, Natalia"]
[Result "1-0"]
[WhiteTitle "I"]
[BlackTitle "II"]
[WhiteElo "1301"]
[BlackElo "1240"]

1. d4 d5 2. Nc3 e6 3. e4 Bb4 4. e5 Ne7 5. Bd3 Nbc6 6. Nf3 Nf5 7. a3 Ba5 8. Be3
Bb6 9. Ne2 h6 10. c3 Nce7 11. O-O O-O 12. h3 Nxe3 13. fxe3 c5 14. b3 Nf5 15. Qd2
Bd7 16. Nf4 Ng3 17. Rfe1 Ne4 18. Qc2 Bc6 19. Bxe4 dxe4 20. Nd2 Qg5 21. Rf1 Qg3
22. Rae1 Qg5 23. Nxe4 Qf5 24. Nd5 Qh7 25. Nef6+ 1-0

[Event "POLFINAL MISTRZOSTW POLSKI JUNIOROW 2016 - D15"]
[Site "Centrum Kongresow i Rekreacji Orle Gniazdo ul. Wrzosowa 28a, Szczyrk"]
[Date "1899-12-30"]
[Round "6.11"]
[White "Majdecka, Nikola"]
[Black "Wasala, Wiktoria"]
[Result "0-1"]
[WhiteTitle "III"]
[BlackTitle "I"]
[WhiteElo "1060"]
[BlackElo "1370"]

1. e4 d6 2. Nf3 g6 3. d4 Bg7 4. Bc4 Nf6 5. Bd3 O-O 6. h3 b6 7. O-O Bb7 8. Re1 c5
9. d5 e6 10. Bg5 exd5 11. exd5 Bxd5 12. Nc3 Be6 13. Bxf6 Bxf6 14. Be4 Bxc3 15.
Bxa8 Bxe1 16. Qxe1 Nd7 17. Bc6 Qc7 18. Bb5 Nf6 19. c3 Kg7 20. a3 Bd7 21. Bxd7
Qxd7 22. Qd2 Re8 23. Re1 Rxe1+ 24. Qxe1 h6 25. g4 Nxg4 26. hxg4 Qxg4+ 27. Kf1
Qxf3 28. Qd2 Qh1+ 29. Ke2 Qe4+ 30. Kf1 d5 31. Qd1 Qh1+ 32. Ke2 Qxd1+ 33. Kxd1
f5 34. Kd2 g5 35. Kc2 h5 36. Kb3 h4 37. Ka4 a6 38. f4 h3 39. fxg5 h2 40. g6 h1=Q
41. b3 Qe4+ 42. c4 dxc4 43. b4 Qc2# 0-1

[Event "POLFINAL MISTRZOSTW POLSKI JUNIOROW 2016 - D15"]
[Site "Centrum Kongresow i Rekreacji Orle Gniazdo ul. Wrzosowa 28a, Szczyrk"]
[Date "1899-12-30"]
[Round "7.1"]
[White "Trembowiecka-wysota, Aleksandra"]
[Black "Koruch, Maria"]
[Result "1/2-1/2"]
[WhiteTitle "I"]
[BlackTitle "I"]
[WhiteElo "1491"]
[BlackElo "1497"]

1. e4 c5 2. Nf3 Nc6 3. d4 cxd4 4. Nxd4 Nf6 5. Nc3 e5 6. Ndb5 d6 7. Bg5 a6 8. Na3
b5 9. Nd5 Be7 10. Bxf6 Bxf6 11. c3 O-O 12. Nc2 Bg5 13. a4 bxa4 14. Rxa4 Rb8 15.
Ncb4 Nxb4 16. Nxb4 Bb7 17. Bxa6 Bxe4 18. O-O Bf4 19. Qe2 f5 20. f3 Ba8 21. Bc4+
Kh8 22. Nd3 Bg5 23. Nb4 Bf4 24. Nd3 Bg5 25. Nb4 Bf4 26. Nd3 Bg5 27. Nb4 1/2-1/2

[Event "POLFINAL MISTRZOSTW POLSKI JUNIOROW 2016 - D15"]
[Site "Centrum Kongresow i Rekreacji Orle Gniazdo ul. Wrzosowa 28a, Szczyrk"]
[Date "1899-12-30"]
[Round "7.2"]
[White "Ossolinska, Matylda"]
[Black "Lascar, Maria Elena"]
[Result "1/2-1/2"]
[WhiteTitle "I"]
[BlackTitle "I+"]
[WhiteElo "1565"]
[BlackElo "1473"]

1. d4 d5 2. c4 e6 3. Nc3 Nf6 4. Nf3 c6 5. Bg5 Nbd7 6. e3 Qa5 7. Nd2 Bb4 8. Qc2
Ne4 9. Ncxe4 dxe4 10. Bf4 g5 11. Bg3 h5 12. h4 g4 13. a3 Bxd2+ 14. Qxd2 Qxd2+
15. Kxd2 b6 16. b4 Bb7 17. Bd6 f5 18. g3 Kf7 19. c5 b5 20. a4 a6 21. Be2 Rhe8
22. Bd1 Kf6 23. Bb3 e5 24. a5 exd4 25. exd4 Nf8 26. Rhd1 Rad8 27. Ke3 Ng6 28.
Bc7 Rd7 29. Be5+ Ke7 30. Bf4 Nxf4 31. Kxf4 Kf6 32. Ke3 Red8 33. Rac1 Ba8 34. Rd2
Rc8 35. Rcd1 Rcd8 36. Rc1 Rc8 37. Rcd1 Rcd8 38. Rc1 Rc8 39. Rcd1 Rcd8 40. Rc1
Rc8 41. Rcd1 Rcd8 1/2-1/2

[Event "POLFINAL MISTRZOSTW POLSKI JUNIOROW 2016 - D15"]
[Site "Centrum Kongresow i Rekreacji Orle Gniazdo ul. Wrzosowa 28a, Szczyrk"]
[Date "1899-12-30"]
[Round "7.3"]
[White "Kubiak, Aleksandra"]
[Black "Krzysztynska, Anna"]
[Result "0-1"]
[WhiteTitle "II"]
[BlackTitle "I"]
[WhiteElo "1167"]
[BlackElo "1541"]

1. Nf3 Nf6 2. e3 g6 3. d4 Bg7 4. Bd3 d5 5. O-O O-O 6. Nbd2 Nc6 7. c3 Re8 8. Ne5
Nxe5 9. dxe5 Ng4 10. Qe1 Nxe5 11. Bc2 b6 12. f4 Ng4 13. h3 Nf6 14. Qf2 e6 15.
Nf3 Bb7 16. Rd1 Qe7 17. Bd2 Rad8 18. Be1 Ne4 19. Qe2 f6 20. Bh4 Qc5 21. Kh2 Rf8
22. Nd4 Qe7 23. Qg4 Rfe8 24. Ba4 c5 25. Nxe6 Qxe6 26. Bxe8 Qxe8 27. Qe2 Qe6 28.
Qg4 f5 29. Qe2 Re8 30. Re1 Qd6 31. Rad1 g5 32. Bf2 gxf4 33. exf4 Qxf4+ 34. Kg1
Be5 35. g3 Qg5 36. Qe3 f4 37. Qf3 Rf8 38. Qe2 fxg3 39. Be3 Qg6 40. Rf1 Nf2 41.
Bxf2 gxf2+ 42. Kh1 d4+ 0-1